Un siècle de l'église de France, 1800-1900 (Record no. 22983)
[ view plain ]
| 000 -LEADER | |
|---|---|
| fixed length control field | 00767cam a22002411a 4500 |
| 001 - CONTROL NUMBER | |
| control field | f 01003041 |
| 003 - CONTROL NUMBER IDENTIFIER | |
| control field | DLC |
| 005 - DATE AND TIME OF LATEST TRANSACTION | |
| control field | 20260227111245.0 |
| 008 - FIXED-LENGTH DATA ELEMENTS--GENERAL INFORMATION | |
| fixed length control field | 920811s1901 fr 000 0 fre |
| 010 ## - LIBRARY OF CONGRESS CONTROL NUMBER | |
| LC control number | f 01003041 |
| 035 ## - SYSTEM CONTROL NUMBER | |
| System control number | (OCoLC)26371693 |
| 040 ## - CATALOGING SOURCE | |
| Original cataloging agency | DLC |
| Transcribing agency | FTaSU |
| Modifying agency | CaSRU |
| -- | OCoLC |
| -- | DLC |
| 042 ## - AUTHENTICATION CODE | |
| Authentication code | premarc |
| 050 00 - LIBRARY OF CONGRESS CALL NUMBER | |
| Classification number | BX1530 |
| Item number | .B3 |
| 100 1# - MAIN ENTRY--PERSONAL NAME | |
| Personal name | Baunard, |
| Titles and words associated with a name | Mgr., |
| Dates associated with a name | 1826-1919. |
| 245 13 - TITLE STATEMENT | |
| Title | Un siècle de l'église de France, 1800-1900 |
| Statement of responsibility, etc. | Mgr. Baunard. |
| 260 ## - PUBLICATION, DISTRIBUTION, ETC. | |
| Place of publication, distribution, etc. | Paris : |
| Name of publisher, distributor, etc. | Ch. Poussielgue, |
| Date of publication, distribution, etc. | 30 cm. |
| 300 ## - PHYSICAL DESCRIPTION | |
| Extent | vii, 514 p. : |
| Other physical details | ill. ; |
| Dimensions | 1901. |
| 610 20 - SUBJECT ADDED ENTRY--CORPORATE NAME | |
| Corporate name or jurisdiction name as entry element | Catholic Church |
| General subdivision | Foreign relations |
| Geographic subdivision | France. |
| 651 #0 - SUBJECT ADDED ENTRY--GEOGRAPHIC NAME | |
| Geographic name | France |
| General subdivision | Foreign relations |
| -- | Catholic Church. |
| 610 20 - SUBJECT ADDED ENTRY--CORPORATE NAME | |
| Corporate name or jurisdiction name as entry element | Catholic Church |
| Geographic subdivision | France. |
| 651 #0 - SUBJECT ADDED ENTRY--GEOGRAPHIC NAME | |
| Geographic name | France |
| General subdivision | Church history |
| Chronological subdivision | 19th century. |
No items available.